| 000 | 00000nam##2200000za#4500 |
| 001 | 9.641570 |
| 003 | CaOODSP |
| 005 | 20210624223301 |
| 007 | cr ||||||||||| |
| 008 | 150407|2011||||xxc|||||o f|0| 0 fre|d |
| 040 | |aCaOODSP|bfre |
| 043 | |an-cn--- |
| 086 | 1 |aEn56-239/2011F-PDF |
| 110 | 1 |aCanada. |bEnvironnement Canada. |
| 245 | 10|aMÉTAVI : |h[ressource électronique]|bl'atmosphère, le temps et la navigation aérienne |
| 260 | |aOttawa - Ontario : |bEnvironnement Canada |c2011. |
| 300 | |a260p.|bfigures (certaines en couleur) |
| 500 | |a«MÉTAVI est un outil de formation qui s'adresse aux pilotes d'avions, il a été conçu dans une initiative conjointe de Recherche et Sauvetage Canada et d'Environnement Canada. Il a pour objectif de contribuer à la sécurité aérienne par un effort d'amélioration des communications entre pilotes et prévisionnistes.»--Page 3 de 260. |
| 590 | |a13-08-Supp|b2013-04-02 |
| 775 | 08|tAWARE : |w(CaOODSP)9.697534 |
| 856 | 40|ahttp://publications.gc.ca|qPDF|s8691 Ko|uhttps://publications.gc.ca/collections/collection_2013/ec/En56-239-2011-fra.pdf |